Basics of fractional horsepower motors and repair. /
Bewaard in:
| Hoofdauteur: | |
|---|---|
| Formaat: | Boek |
| Taal: | Vietnamese |
| Gepubliceerd in: |
New York :
RIDER ,
1960
|
| Onderwerpen: | |
| Tags: |
Voeg label toe
Geen labels, Wees de eerste die dit record labelt!
|
| Thư viện lưu trữ: | Thư viện Trường CĐ Kỹ Thuật Cao Thắng |
|---|
| LEADER | 00598nam a2200193 a 4500 | ||
|---|---|---|---|
| 001 | TVCDKTCT2987 | ||
| 003 | Thư viện trường Cao đẳng Kỹ thuật Cao Thắng | ||
| 005 | 20050908000000 | ||
| 008 | 050908 | ||
| 980 | \ | \ | |a Thư viện Trường CĐ Kỹ Thuật Cao Thắng |
| 024 | |a RG_1 #1 eb0 i1 | ||
| 041 | 0 | # | |a vie |
| 082 | # | # | |a 621.9 / |b G200S-b |
| 100 | 1 | # | |a Schweitzer Gerald |
| 245 | 0 | 0 | |a Basics of fractional horsepower motors and repair. / |c Schweitzer Gerald |
| 260 | # | # | |a New York : |b RIDER , |c 1960 |
| 300 | # | # | |a 167tr. ; |c 24cm |
| 650 | # | 4 | |a Sửa chữa |
| 650 | # | 4 | |a Mô tơ |